000 00318nam a22001337a 4500
008 180119b xxu||||| |||| 00| 0 eng d
020 _a9780781744775
041 _aeng
080 _a610.73
100 _a2
101 _aINF
245 _aEvidence-based practice in nursing& healthcare
_cMelnyk,B.M
942 _2udc
_cBK
999 _c40570
_d40570